Pen Names Match-Up Quiz Stats

 Plays Quiz Updated Aug 11, 2015

Challenge
Share
Tweet
Score 0/18 Timer 06:00
1 Play Today
% Correct
Mark Twain
89.8%
Ayn Rand
71.4%
Stan Lee
67.1%
Richard Bachman
61.1%
Lewis Carroll
60.9%
Joseph Conrad
60.2%
George Eliot
58.4%
George Orwell
54.7%
Pablo Neruda
53.4%
% Correct
Voltaire
53.3%
Molière
52.5%
Robert Galbraith
47.8%
C.S. Forester
47.3%
Lemony Snicket
37.3%
Hergé
33.7%
John Le Carré
31.6%
George Sand
30.6%
Stendhal
20.3%

You're not logged in!

Compare scores with friends on all Sporcle quizzes.
Join for Free
OR
Log In

You Might Also Like...

Show Comments

Extras

Top Quizzes Today


Score Distribution

Your Account Isn't Verified!

In order to create a playlist on Sporcle, you need to verify the email address you used during registration. Go to your Sporcle Settings to finish the process.

Report this User

Report this user for behavior that violates our Community Guidelines.

Details: